| 000 | 00783nam a22002057a 4500 | ||
|---|---|---|---|
| 999 |
_c19385 _d19385 |
||
| 008 | 240227b ||||| |||| 00| 0 eng d | ||
| 020 | _a9789815059731 | ||
| 082 |
_aDC 616.89 _bB249 2023 |
||
| 100 |
_aBarlow, David H. _93396 |
||
| 245 |
_aPsychopathology : _ban integrative approach to mental disorders / _cDavid H. Barlow, V. Mark Durand, and Stefan G. Hofmann. |
||
| 250 | _aNinth edition. | ||
| 260 |
_aSingapore : _bCengage learning asia Pte Ltd, _c©2023. |
||
| 300 |
_axxvi, 591 pages : _bcolor illustration ; _c28 cm. |
||
| 500 | _aIncludes glossary, references, and index. | ||
| 650 |
_aMental illness. _953465 |
||
| 650 |
_aAbnormal psychology. _953466 |
||
| 700 |
_aDurand, V. Mark, _eauthor. _93398 |
||
| 700 |
_aHofmann, Stefan G., _eauthor. _953432 |
||
| 942 |
_2ddc _cDC |
||